Fluid mechanics /
Guardado en:
| Autor Principal: | |
|---|---|
| Otros Autores: | |
| Formato: | Libro |
| Idioma: | English Russian |
| Publicado: |
Oxford :
Pergamon Press,
1959.
|
| Series: | Pergamon international library of science, technology, engineering, and social studies
Landau, L. D. (Lev Davidovich), 1908-1968. Teoreticheskaia fizika. v. 6. |
| Materias: | |
| Etiquetas: |
Agregar Etiqueta
Sin Etiquetas, Sea el primero en etiquetar este registro!
|
| LEADER | 01661cam a22003015a 4500 | ||
|---|---|---|---|
| 001 | MAT.inmabb002773 | ||
| 008 | 831005s1959####enka#####b####001#0#eng## | ||
| 005 | 20180611162440.0 | ||
| 245 | 1 | 0 | |a Fluid mechanics / |c by L.D. Landau and E.M. Lifshitz ; translated from the Russian by J.B. Sykes and W.H. Reid. |
| 260 | |a Oxford : |b Pergamon Press, |c 1959. | ||
| 300 | |a xii, 536 p. : |b il. ; |c 26 cm. | ||
| 490 | 1 | |a Course of theoretical physics ; |v v. 6 | |
| 440 | 0 | |a Pergamon international library of science, technology, engineering, and social studies | |
| 500 | |a Traducción de: Mekhanika sploshnykh sred (1953?). | ||
| 504 | |a Incluye referencias bibliográficas. | ||
| 505 | 8 | |a Capítulos: 1. Ideal fluids -- 2. Viscous fluids -- 3. Turbulence -- 4. Boundary layers -- 5. Thermal conduction in fluids -- 6. Diffusion -- 7. Surface phenomena -- 8. Sound -- 9. Shock waves -- 10. One-dimensional gas flow -- 11. The intersection of surfaces of discontinuity -- 12. Two-dimensional gas flow -- 13. Flow past finite bodies -- 14. Fluid dynamics of combustion -- 15. Relativistic fluid dynamics -- 16. Dynamics of superfluids -- 17. Fluctuations in fluid dynamics. | |
| 510 | 4 | |a MR, |c 21 #6839 | |
| 020 | |a 0080091040 | ||
| 100 | 1 | |a Landau, L. D. |q (Lev Davidovich), |d 1908-1968. | |
| 240 | 1 | 0 | |a Mekhanika sploshnykh sred. |l Inglés |
| 700 | 1 | |a Lifshits, E. M. |q (Evgenii Mikhailovich) | |
| 800 | 1 | |a Landau, L. D. |q (Lev Davidovich), |d 1908-1968. |t Teoreticheskaia fizika. |l Inglés ; |v v. 6. | |
| 650 | 0 | |a Fluid mechanics. | |
| 084 | |a 76-01 |2 MR | ||
| 010 | |a 59010525 | ||
| 040 | |a DLC/ICU |c ICU |d DLC | ||
| 041 | 1 | |a eng |h rus | |
| 859 | |h 76 |i L253r |p A-5231 |b BIB. MATEMATICA | ||
